000
00216nam a22000857a 4500
008
160811b xxu||||| |||| 00| 0 eng d
100
_9
119
_a
Egmont
245
_a
Destination Moon
260
_a
USA
_b
MacMillan publication
_c
2009
999
_c
2774
_d
2774